Els Militants de les organitzacions polítiques juvenils a Catalunya / Òscar Barberà, Astrid Barrio ; Joan Rodríguez (coord.)
ISBN:
84-7794-894-1
Descripción Física:
236 p. : il., taules ; 21 cm
Colección:
Materials de joventut ; 17
MARC
| LEADER | 00000nam a2200000Ia 4500 | ||
|---|---|---|---|
| 001 | 14698 | ||
| 008 | 160829s9999 xx 000 0 cat d | ||
| 020 | |a 84-7794-894-1 | ||
| 080 | |a M-4-265 | ||
| 100 | |a Barberà, Òscar |9 33445 | ||
| 245 | |a Els Militants de les organitzacions polítiques juvenils a Catalunya / Òscar Barberà, Astrid Barrio ; Joan Rodríguez (coord.) | ||
| 260 | |a [Barcelona] : |b Diputació de Barcelona, Xarxa de Municipis, Àrea de Cultura, cop. 2002 | ||
| 300 | |a 236 p. : |b il., taules ; |c 21 cm | ||
| 490 | |a Materials de joventut ; 17 | ||
| 590 | |a Bibliografia | ||
| 650 | 0 | |a Partits polítics |z Catalunya |9 18623 | |
| 650 | |a Joves |x Catalunya |x Activitat política |9 33446 | ||
| 700 | |a Barrio, Astrid |9 33447 | ||
| 700 | |a Rodríguez, Joan, coord. |9 33448 | ||
| 710 | 1 | |a Barcelona (Catalunya : Província). |b Àrea de Cultura |9 53536 | |
| 901 | |a Arxiu | ||
| 942 | |n 1 | ||
| 952 | |0 0 |1 0 |4 0 |6 M4265 |7 1 |9 46298 |a Arxiu |b Arxiu |d 2016-12-01 |l 0 |o M-4-265 |p 14698 |r 2016-12-01 00:00:00 |w 2016-12-01 |y ARXIU | ||
| 999 | |c 49805 |d 49805 | ||